Manage teams successfully (Record no. 115621)
[ view plain ]
| 000 -LEADER | |
|---|---|
| fixed length control field | 01274nam a2200325Ia 4500 |
| 082 04 - DEWEY DECIMAL CLASSIFICATION NUMBER | |
| Classification number | 658.4022 |
| 245 00 - TITLE STATEMENT | |
| Title | Manage teams successfully |
| 260 ## - PUBLICATION, DISTRIBUTION, ETC. (IMPRINT) | |
| Place of publication | London : |
| Name of publisher | A & C Black, |
| Year of publication | 2007. |
| 300 ## - PHYSICAL DESCRIPTION | |
| Number of Pages | viii, 88 p. |
| 490 1# - SERIES STATEMENT | |
| Series statement | Steps to success |
| 500 ## - GENERAL NOTE | |
| General note | At head of cover: "Business, the ultimate resource." |
| 650 #0 - SUBJECT ADDED ENTRY--TOPICAL TERM | |
| Topical Term | Teams in the workplace |
| Topical Term | Work environment. |
| 856 40 - ELECTRONIC LOCATION AND ACCESS | |
| Uniform Resource Identifier | http://site.ebrary.com/lib/rucke/Doc?id=10196621 |
No items available.
